000 00632cam a2200181 4500
001 460
005 20181127161527.0
008 740313s1974 maua b 000 0 eng
010 _a 73010712
020 _a0395044022
100 1 _aShakespeare, William,
_d1564-1616.
245 1 4 _aThe Riverside Shakespeare /
_cTextual editor: G. Blakemore Evans; General introd.: Harry Levin.
260 _aBoston :
_bHoughton Mifflin,
_c1974.
300 _axvi, 1902 p. :
_bill. ;
_c27 cm.
504 _aBibliography: p. 1894-1900.
700 1 _aEvans, G. Blakemore
_q(Gwynne Blakemore),
_d1912-2005,
_eed.
856 _a
_uhttp://shakespeare.mit.edu/
_y
_z
_3
999 _c368
_d368